Click the Italian Region on a Map - Statistics

General Stats
  • This quiz has been taken 510 times
  • The average score is 15 of 20
Answers on the Map
Answers color-coded by a green-red scale on the quiz's map according to % correct below.
 
Answer Stats
Answer % Correct
Sicily
91%
Sardinia
90%
Lazio
85%
Veneto
84%
Tuscany
82%
Emilia-Romagna
80%
Piedmont
79%
Lombardy
78%
Aosta Valley
77%
Trentino-Alto Adige
77%
Calabria
75%
Liguria
74%
Friuli-Venezia Giulia
72%
Apulia
71%
Campania
68%
Basilicata
66%
Marche
62%
Umbria
61%
Molise
58%
Abruzzo
57%
No matching quizzes found
Score Distribution
Percent of People with Each Score
Percentile by Number Answered
Your Score History
You have not taken this quiz